Основы банковского дела: учебное пособие

Bibliografiske detaljer
Hovedforfatter: Агеева Н. А. Нина Александровна
Summary:Учебное пособие написано в соответствии с требованиями Федерального государственного образовательного стандарта для бакалавров по специальностям «Финансы и кредит», «Бухгалтерский учет, анализ и аудит». Изложены правовые и организационные основы деятельности коммерческих банков в Российской Федерации, рассмотрены пассивные и активные операции коммерческих банков, определены основные направления анализа пассивов и активов банка. Особое внимание уделено проблемам кредитования, инвестирования, рискам. Предназначено для студентов высших учебных заведений, обучающихся по специальностям «Финансы и кредит», «Бухгалтерский учет, анализ и аудит» и получающих квалификацию «бакалавр».
Sprog:russisk
Udgivet: Москва, Инфра-М, 2014
Serier:Высшее образование
Fag:
Format: Bog
KOHA link:https://koha.lib.tpu.ru/cgi-bin/koha/opac-detail.pl?biblionumber=245714

MARC

LEADER 00000nam0a2200000 4500
001 245714
005 20231101232140.0
010 |a 9785369012857 
010 |a 978-5-16-009388-8 
035 |a (RuTPU)RU\TPU\book\267137 
090 |a 245714 
100 |a 20131115d2014 m y0rusy50 ca 
101 0 |a rus 
102 |a RU 
105 |a y j 001zy 
200 1 |a Основы банковского дела  |e учебное пособие  |f Н. А. Агеева 
210 |a Москва  |c Инфра-М  |c РИОР  |d 2014 
215 |a 273 с. 
225 1 |a Высшее образование 
320 |a Библиогр.: с. 267-269. 
330 |a Учебное пособие написано в соответствии с требованиями Федерального государственного образовательного стандарта для бакалавров по специальностям «Финансы и кредит», «Бухгалтерский учет, анализ и аудит». Изложены правовые и организационные основы деятельности коммерческих банков в Российской Федерации, рассмотрены пассивные и активные операции коммерческих банков, определены основные направления анализа пассивов и активов банка. Особое внимание уделено проблемам кредитования, инвестирования, рискам. Предназначено для студентов высших учебных заведений, обучающихся по специальностям «Финансы и кредит», «Бухгалтерский учет, анализ и аудит» и получающих квалификацию «бакалавр». 
606 1 |a Банковское дело  |2 stltpush  |3 (RuTPU)RU\TPU\subj\69888  |9 84550 
610 1 |a банки 
610 1 |a банковская деятельность 
610 1 |a банковские ресурсы 
610 1 |a банковские активы 
610 1 |a банковские операции 
610 1 |a банковское кредитование 
610 1 |a банковские ссуды 
610 1 |a факторинг 
610 1 |a вексельные кредиты 
610 1 |a финансовые инвестиции 
610 1 |a валютный рынок 
610 1 |a драгоценные металлы 
610 1 |a платежный оборот 
610 1 |a банковские риски 
610 1 |a коммерческие риски 
610 1 |a учебные пособия 
686 |a У9(2)262.10я73  |v LBC/SL-A  |2 rubbk 
700 1 |a Агеева  |b Н. А.  |g Нина Александровна 
801 1 |a RU  |b 63413507  |c 20131115 
801 2 |a RU  |b 63413507  |c 20150625  |g RCR 
900 |a Банковское дело 
942 |c BK 
955 |b 080100  |b 080300 
959 |a 147/20131114  |d 2  |e 399,90  |f ЧЗГЛ:1  |f АНЛ:1